Statistics for WEEEKLY songs(2023 update)

Click here to take the quiz!

General Stats

  • This quiz has been taken 4 times
  • The average score is 23 of 39

Answer Stats

HintAnswer% Correct
ColoRiseA+
100%
We areTag Me (@Me)
100%
We playAfter School
75%
We play나비동화(Butterfly)
75%
We can월화수목금토일
(Weeekly)
75%
We areHello
75%
Play Game : HolidayHoliday Party
75%
Play Game : HolidayMemories Of
SummerRain
75%
ColoRiseODYSSEY
75%
Play Game : AWAKESolar
75%
We can몰래몰래(Top secret)
75%
We playUni
75%
We can언니(Unnie)
75%
Play Game : AWAKEVen para
75%
ColoRiseVROOM VROOM
75%
Single텐션업(7days tension)
50%
ColoRiseBackwards
50%
The World of My 17
Season 2 OST
Best Friend (We Can)
50%
Wannabe Ryan OST붐 치키(BOOM CHI KI)
50%
Play Game : HolidayCheck It Out
50%
Digital Single
(Fan Song)
Good Day (Special
Daileee)
50%
야오키 (YAOKI) ProjectHappy Christmas
50%
Strong Girl Nam-soon
OST
I Wanna Fly
50%
Play Game : HolidayLa Luna
50%
Weeekly x Kim Eena
project
Love
50%
We playLucky
50%
We canMy Earth
50%
We areReality
50%
ColoRiseRUBY-DUBY-DU
50%
ColoRiseSweet Dream
50%
We areUniverse
50%
Hello? Me! OSTWake Up
50%
We areWeeekly Day
50%
Play Game : HolidayWeekend
50%
Play Game : AWAKEWhere Is My Love?
50%
We playYummy!
50%
Listen-Up(리슨업)Airplane Mode
25%
Lee Hong Gi's playlist매일밤(call)
25%
Business Proposal OST사랑이 내 안에 들어와
(Fall in love)
25%

Score Distribution

Percentile by Number Answered

Percent of People with Each Score

Your Score History

You have not taken this quiz